000 07417namaa22004571i 4500
003 EG-GICUC
005 20260211123524.0
008 260204s2025 ua a|||frm||| 000 0 eng d
040 _aEG-GICUC
_beng
_cEG-GICUC
_dEG-GICUC
_erda
041 0 _aeng
_beng
_bara
049 _aDeposit
082 0 4 _a617.5
092 _a617.5
_221
097 _aPh.D
099 _aCai01.11.12.Ph.D.2025.Ah.P
100 0 _aAhmed Ali Mohammed Abo Hussein,
_epreparation.
245 1 0 _aPrediction of early recurrence of allergic fungal sinusitis /
_cby Ahmed Ali Mohammed Abu Hussein ; Supervised Prof. Dr. Louay Mahmoud Samir El Sharkawy ,Prof. Adel Said El-Antably, Dr. Ayman Samir Megahed, Dr. Mahmoud Atef Youssef.
246 1 5 _aالتنبؤ بالارتجاع المبكر لالتهابات الانف الفطرية التحسسية
264 0 _c2025.
300 _a86 pages :
_billustrations ;
_c25 cm. +
_eCD.
336 _atext
_2rda content
337 _aUnmediated
_2rdamedia
338 _avolume
_2rdacarrier
502 _aThesis (Ph.D)-Cairo University, 2025.
504 _aBibliography: pages 78-87.
520 3 _aObjective: AFRS is non-invasive fungal sinusitis recognized in 1976, which is a subset of polypoid CRS that is characterized by the presence of eosinophilic mucin with non-invasive fungal hyphae within the sinuses and a type I hypersensitivity to fungi. The aim of this study is to evaluate serum IgE, eosinophils, basophils, Lund-Mackay score and Kupferbergs staging system as the predicting factors of early recurrence of AFS. Methods: This prospective study includes 84 patients with AFS presented to the Otolaryngology outpatient clinic between May 2023 and february 2025, treated at department of Otorhinolaryngology and Head and neck surgery, Cairo University. Analysis was done for demographics, clinical presentation, co-morbidities, previous endoscopic sinus surgery, CT Lund- Mackay score pre-operative and follow up laboratorial tests (total serum IgE, serum eosinophil and serum basophil). Also Kupferburg endoscopic follow up score and pattern of sinus recurrence. Result: In present study, AFRS was more commonly seen in females, 51 participants (60.7%) and mean age was 26.3. Clinical manifestations distribution among participants were; discharge (100%), headache (73.8%), nasal obstruction (72.6%), hyposmia (29.8%), anosmia (53.6%) and eye symptoms (4.8%). Twenty two cases(26%) have done FESS before, (10.7%) have asthma and 52.3% have unilateral disease. Lund Mackay score average was 13.67. Serum IgE is elevated in most cases with significant drop in the first follow up same as eosinophils and basophils. Endoscopic follow up using kubferberg score is very important. 35.7% had recurrence, the most common recurrent sinuses were frontal (31.0%). Statistical significance was found regarding pre-operative Lund-Mackay score, kubferberg score and eye symptoms in relapsing cases presence of Asthma and time interval preoperative. IgE, eosinophil and basophils were high in relapsing group without clinical significance. Conclusion: AFRS is difficult to control with high rate of recurrence, endoscopic follow up is very important. Asthma is risk factor for AFRS, pre- operative Lund-Mackay score is indicator of recurrence. Although seum IgE, eosinophil and basophils are elevated in relapsing group, it is not statistically significant.
520 3 _aشملت هذه الدراسة 84 مريضا شملت هذه الرسالة 84 مريضا. أظهرت هذه الدراسة معدل تكرار مرتفع لفطريات الانف التحسسية ، بنسبة 35.7%. لا توجد حاليًا طريقة معتمدة للتنبؤ بتكرار الإصابة المرض. يُعد التنبؤ بالتكرار أمرًا بالغ الأهمية لتحقيق أقصى قدر من نجاح العلاج وتقليل خطر الانتكاس. نهدف في دراستنا إلى التنبؤ بالتكرار المبكر لفطريات الانف التحسسيه باستخدام البيانات المتاحة من المظاهر السريرية، والفحص بالمنظار، والتصوير، والفحوصات المعملية. يجب أن يصاحب العلاج متابعة جيدة للكشف عن المرضى الأكثر عرضة للانتكاس. عادةً ما يكون فطريات الانف التحسسية مرضًا أحادي الجانب، ويرتبط ارتباطًا وثيقًا بالربو الصدري. يُعد ارتفاع مستوى الاجسام المضادة IgE في الدم وزيادة كرات الدم البيضاء الحامضيه من السمات المميزة لـفطريات الانف التحسسية، مع انخفاض ملحوظ خلال فترة قصيرة بعد الجراحة. يُعدّ ارتفاع تقييم الاشعه المقطعيه (Lund-Mackay score) قبل الجراحة عاملًا مُنبئًا بتكرار المرض. يُفترض أن يُثير ارتفاع مستوى IgE في المصل بعد الجراحة شكوك الانتكاس. هناك أهمية كبيرة للأعراض التي تظهر بعد العملية الجراحية، مثل تغيرات حاسة الشم، والانسداد، وأعراض العين، والتي تعد عوامل تنبؤية لتكرار حدوث المرض. يُعدّ الجيب الجبهي والغربالي أكثر المناطق شيوعًا لتكرار الإصابة، يليهما الجيب الوتدي. تُعد المتابعة التنظيرية المنتظمة في العيادات الخارجية بالغة الأهمية لأنها تسبق ظهور الأعراض، ويمكن لتعديل العلاج أن يجنّب تكرار الإصابة وجراحة المراجعة. في دراستنا، لم نتمكن من إثبات أهمية IgE والخلايا الحمضية والقاعدية كعوامل تنبؤ بتكرار الإصابة، لكننا أثبتنا أهمية تقييم الاشعه لوند-ماكاي، والفحص الأنفي المنتظم بالمنظار، والأعراض الظاهرة بعد الجراحة كعوامل تنبؤ. كما أن الربو وطول الفترة الزمنية بين الأعراض والجراحة يزيدان من خطر الانتكاس.
530 _aIssues also as CD.
546 _aText in English and abstract in Arabic & English.
650 0 _aOtolaryngology
650 0 _aالاذن والانف والحنجرة
653 1 _aAllergic Fungal Rhinosinusitis
_afungal sinusitis
_aChronic rhinosinusitis
_anasal polyps
_afunctional endoscopic sinus surgery
_apostoperative recurrence
_aIgE
_aالتهابات الانف الفطرية التحسسية
_aالتهابات مزمنة بالجيوب الانفيه
700 0 _aLouay Mahmoud Samir El Sharkawy
_ethesis advisor.
700 0 _aAdel Said El-Antably
_ethesis advisor.
700 0 _aAyman Samir Megahed,
_ethesis advisor.
700 0 _aMahmoud Atef Youssef
_ethesis advisor.
900 _b01-01-2025
_cLouay Mahmoud Samir El Sharkawy
_cAdel Said El-Antably
_cAyman Samir Megahed
_cMahmoud Atef Youssef
_UCairo University
_FFaculty of Medicine
_DDepartment of Otorhinolaryngology
905 _aShimaa
_eEman Ghareb
942 _2ddc
_cTH
_e21
_n0
999 _c178195